Visualizzazione normale
Vista MARC
- età-evolutiva
di Topical Term
Records bibliografici associati: 111
001 - CONTROL NUMBER
- control field: 56123
003 - CONTROL NUMBER IDENTIFIER
- control field: IT-RoPau
005 - DATE AND TIME OF LATEST TRANSACTION
- control field: 20161228170238.0
008 - FIXED-LENGTH DATA ELEMENTS
- fixed length control field: 161228|| aca||aabn | a|a d
040 ## - CATALOGING SOURCE
- Original cataloging agency: IT-RoPau
- Transcribing agency: IT-RoPau
150 ## - HEADING--TOPICAL TERM
- Topical term or geographic name entry element: età-evolutiva
670 ## - SOURCE DATA FOUND
- Source citation: Work cat.: (IT-RoPau): Pralong Joël 56122, Adolescenti, non deficienti!, 2016